[Event "AUTO-OPEN-379"]
[Site "http://www.queenalice.com/game.php?id=103183"]
[Date "2006.9.6"]
[Round "1"]
[White "jmbpeixe"]
[Black "PRi"]
[Result "1-0"]
[WhiteElo "2015"]
[BlackElo "1836"]

1. d4 d5 2. c4 e6 3. Nf3 f5 4. Nc3 Nf6 5. Bg5 Be7 6. e3 O-O 7. Bd3 Nbd7 8. O-O
Qe8 9. cxd5 Nxd5 10. Qb3 N7b6 11. Bxe7 Qxe7 12. Rac1 Nb4 13. Be2 Bd7 14. Ne5 Nc6
15. Nxd7 1-0

[Event "AUTO-OPEN-379"]
[Site "http://www.queenalice.com/game.php?id=103184"]
[Date "2006.9.6"]
[Round "1"]
[White "PRi"]
[Black "Jamtony"]
[Result "1-0"]
[WhiteElo "1816"]
[BlackElo "1575"]

1. f4 Nc6 2. Nf3 e6 3. e3 Qf6 4. d4 Bb4+ 5. c3 Bd6 6. Bc4 Nh6 7. Nbd2 Nf5 8. Ne4
Qe7 9. O-O Na5 10. Qd3 a6 11. b4 Nxc4 12. Qxc4 b5 13. Qe2 Bb7 14. Ned2 Qf6 15.
e4 Nh4 16. e5 Bxf3 17. Nxf3 Qh6 18. exd6 O-O 19. dxc7 Rac8 20. Nxh4 Rxc7 21. Qe1
f6 22. f5 Qh5 23. fxe6 Re8 24. Qg3 Rc6 25. Nf5 g6 26. exd7 Rd8 27. Ne7+ Kf8 28.
Nxc6 Rxd7 29. Rxf6+ Kg7 30. Bg5 Rd5 31. Qc7+ Kg8 32. Qc8+ Kg7 33. Qf8# 1-0

[Event "AUTO-OPEN-379"]
[Site "http://www.queenalice.com/game.php?id=103185"]
[Date "2006.9.6"]
[Round "1"]
[White "Jamtony"]
[Black "PRi"]
[Result "1-0"]
[WhiteElo "1547"]
[BlackElo "1827"]

1. e4 c5 2. Qf3 e5 3. Nh3 f6 4. Bc4 Nc6 5. Nc3 d6 6. Ng5 Nd4 7. Qh5+ g6 8. Bf7+
Kd7 9. Qh3+ Kc7 10. Ne6+ Bxe6 11. Nd5+ Kb8 12. Bxe6 Nxc2+ 13. Kd1 Nxa1 14. b3
Qa5 15. Bd7 Qxa2 16. Qe6 1-0

[Event "Challenge3"]
[Site "http://www.queenalice.com/game.php?id=107661"]
[Date "2006.9.19"]
[Round "-"]
[White "fabianocsk"]
[Black "PRi"]
[Result "0-1"]
[WhiteElo "849"]
[BlackElo "1816"]

1. Nf3 d5 2. b4 Bf5 3. Na3 e6 4. Nb5 Bxb4 5. Ne5 c5 6. g3 Nf6 7. h4 c4 8. e3 O-O
9. Rb1 a6 10. Rxb4 axb5 11. a3 Nc6 12. Rxb5 Nxe5 13. Rxb7 d4 14. Bg2 d3 15. Bb2
Bg4 16. f3 Qd5 17. a4 Qxb7 18. Bxe5 Nd7 19. fxg4 Qxg2 20. Rh2 Qg1# 0-1

[Event "Challenge"]
[Site "http://www.queenalice.com/game.php?id=116843"]
[Date "2006.10.14"]
[Round "-"]
[White "Eyechess"]
[Black "PRi"]
[Result "1-0"]
[WhiteElo "1410"]
[BlackElo "1841"]

1. e4 c5 2. Nc3 Nc6 3. g3 d6 4. Bg2 e5 5. d3 Be7 6. Be3 Nf6 7. h3 Be6 8. Nf3 h6
9. O-O Qd7 10. g4 g5 11. Nh2 O-O-O 12. Nd5 Rdg8 13. Nxf6 Bxf6 14. c3 Kb8 15. a3
h5 16. b4 cxb4 17. axb4 b6 18. Qf3 Be7 19. b5 Na5 20. gxh5 Qxb5 21. Rfb1 Bb3 22.
c4 Qe8 23. Rxa5 bxa5 24. Rxb3+ Ka8 25. Rb5 Bd8 26. Ng4 a6 27. Rd5 Qe6 28. c5 Bc7
29. cxd6 Bxd6 30. Rxa5 Bc7 31. Rc5 Rc8 32. d4 Qb3 33. Nxe5 g4 34. hxg4 a5 35.
Nxf7 Rhf8 36. e5+ Ka7 37. d5 Bb6 38. Rxa5+ Kb8 39. Ra8+ Kc7 40. d6+ Kd7 41. Qb7+
1-0

[Event "Challenge"]
[Site "http://www.queenalice.com/game.php?id=116844"]
[Date "2006.10.14"]
[Round "-"]
[White "PRi"]
[Black "Eyechess"]
[Result "0-1"]
[WhiteElo "1841"]
[BlackElo "1377"]

1. e4 g6 2. d4 Bg7 3. Nc3 c6 4. Be3 d5 5. e5 h5 6. Bd3 Nh6 7. Nge2 Bf5 8. Bxh6
Bxh6 9. Bxf5 gxf5 10. Ng3 e6 11. Nxh5 Nd7 12. f4 Qh4+ 13. g3 Qh3 14. Qe2 Bf8 15.
Nf6+ Nxf6 16. exf6 Qxg3+ 17. hxg3 Rxh1+ 18. Kd2 Rxa1 19. a3 Rh1 20. Nxd5 O-O-O
21. Qg2 Rh6 22. Ne3 Rxd4+ 23. Kc3 Rd8 24. Nc4 Bc5 25. b4 Bd4+ 26. Kb3 Bxf6 27.
a4 Rg6 28. b5 Rdg8 29. Ne5 Rxg3+ 0-1

[Event "Challenge"]
[Site "http://www.queenalice.com/game.php?id=121922"]
[Date "2006.10.26"]
[Round "-"]
[White "PRi"]
[Black "shogun"]
[Result "1/2-1/2"]
[WhiteElo "1922"]
[BlackElo "2442"]

1. d4 Nc6 2. e4 Nf6 3. d5 Ne5 4. f4 Ng6 5. e5 Ng8 6. Nf3 e6 7. Nc3 Bb4 8. Qd4
Ba5 9. dxe6 dxe6 10. Qxd8+ Kxd8 11. Ng5 Nh6 12. Be3 Ke8 13. Bb5+ c6 14. Bd3 Nf5
15. Bd2 Bxc3 16. bxc3 f6 17. exf6 gxf6 18. Ne4 Ke7 19. O-O Nd6 20. Nxd6 Kxd6 21.
c4 Bd7 22. Bc3 Rhf8 23. c5+ Kc7 24. Rab1 Rae8 25. Rbe1 Re7 26. g3 Rg7 27. Bc4
Ne7 28. Bxe6 Nd5 29. Bd4 h5 30. Bxd7 Kxd7 31. Rf3 h4 32. c4 Ne7 33. Rb3 Kc8 34.
Re6 hxg3 35. Bxf6 gxh2+ 36. Kh1 Rg1+ 37. Kxh2 Rg6 38. Rxe7 Rgxf6 39. Rbxb7 Rxf4
40. Rxa7 Kb8 41. Reb7+ Kc8 42. Rg7 Kb8 43. Rab7+ Ka8 44. Rbc7 Rxc4 45. Rxc6 Rc2+
46. Kg3 Rxa2 47. Re6 Ra3+ 48. Kg4 Ra4+ 49. Kg5 Rc8 50. c6 Rc4 51. Rgg6 Rc7 52.
Kf5 Ka7 53. Ke5 Kb6 54. Kd5 Rc5+ 55. Kd4 R5xc6 56. Kd5 Rxe6 57. Rxe6+ Kb5 58.
Re8 Rd7+ 59. Ke5 Rd1 60. Rc8 Rd7 61. Rc2 Kb4 62. Ke6 1/2-1/2

[Event "AUTO-OPEN-324"]
[Site "http://www.queenalice.com/game.php?id=123270"]
[Date "2006.10.30"]
[Round "2"]
[White "azad_m"]
[Black "PRi"]
[Result "0-1"]
[WhiteElo "1675"]
[BlackElo "1859"]

1. e4 d5 2. exd5 Nf6 3. Nc3 Bg4 4. Nf3 Nxd5 5. Be2 e6 6. d4 c6 7. O-O Nd7 8.
Nxd5 cxd5 9. c3 Bd6 10. h3 Bh5 11. Re1 O-O 12. Qd3 Qa5 13. Ng5 Bg6 14. Qd2 Rac8
15. Bd3 b5 16. b4 Qb6 17. a3 a6 18. a4 Nf6 19. Bxg6 hxg6 20. a5 Qc7 21. Nf3 Ne4
22. Qc2 Qxc3 23. Qxc3 Rxc3 24. Rb1 Rfc8 25. Nd2 Nxf2 26. Nf3 Nxh3+ 27. Kf1 Bg3
28. Rd1 Nf2 29. Re1 Nd3 30. Rd1 Rxc1 31. Rbxc1 Rxc1 32. Ke2 Rxd1 33. Kxd1 Nxb4
0-1

[Event "AUTO-OPEN-324"]
[Site "http://www.queenalice.com/game.php?id=123271"]
[Date "2006.10.30"]
[Round "2"]
[White "PRi"]
[Black "azad_m"]
[Result "1-0"]
[WhiteElo "1827"]
[BlackElo "1579"]

1. e4 e5 2. f4 d6 3. Nf3 Bg4 4. Nc3 Be7 5. Bc4 Nc6 6. h3 Bd7 7. O-O Nf6 8. d3
O-O 9. f5 Nd4 10. g4 Bc6 11. g5 Nxf3+ 12. Qxf3 Ne8 13. g6 hxg6 14. fxg6 Bf6 15.
Qh5 Qe7 16. Qh7# 1-0

[Event "AUTO-OPEN-324"]
[Site "http://www.queenalice.com/game.php?id=123276"]
[Date "2006.10.30"]
[Round "2"]
[White "PRi"]
[Black "Capivarao"]
[Result "1-0"]
[WhiteElo "1840"]
[BlackElo "1924"]

1. e4 e5 2. Nf3 Nc6 3. d4 exd4 4. Nxd4 Qe7 5. Nc3 Nf6 6. Bf4 d5 7. Bb5 Bd7 8.
O-O O-O-O 9. exd5 Nxd4 10. Bxd7+ Rxd7 11. Qxd4 b6 12. d6 cxd6 13. Rfe1 Qd8 14.
Rad1 Ne8 15. Qa4 Kb7 16. Qe4+ Kc7 17. Nb5+ Kb8 18. Qxe8 Qxe8 19. Rxe8+ Kb7 20.
Nxd6+ Ka6 21. b4 g6 22. b5+ Ka5 23. Rd4 Bg7 24. Bd2# 1-0

[Event "AUTO-OPEN-324"]
[Site "http://www.queenalice.com/game.php?id=123277"]
[Date "2006.10.30"]
[Round "2"]
[White "Capivarao"]
[Black "PRi"]
[Result "0-1"]
[WhiteElo "1949"]
[BlackElo "1870"]

1. e4 c5 2. Nf3 d6 3. Bc4 Nc6 4. O-O Nf6 5. e5 Nxe5 6. Nxe5 dxe5 7. Nc3 e6 8.
Bb5+ Bd7 9. Qe2 Bd6 10. Bxd7+ Qxd7 11. d3 O-O 12. f4 exf4 13. Bxf4 Bxf4 14. Rxf4
Nd5 15. Nxd5 exd5 16. Raf1 Rae8 17. Qd2 Re6 18. c3 f6 19. d4 c4 20. b4 Rfe8 21.
h3 Re2 22. Qd1 R8e3 23. R4f3 Qe8 24. Kh2 Rxa2 25. Rxf6 gxf6 26. Rxf6 Qb8+ 27.
Kh1 Rxh3+ 28. gxh3 Qh2# 0-1

[Event "Challenge"]
[Site "http://www.queenalice.com/game.php?id=150661"]
[Date "2007.1.6"]
[Round "-"]
[White "PRi"]
[Black "Eyechess"]
[Result "1-0"]
[WhiteElo "1868"]
[BlackElo "1466"]

1. e4 g6 2. d4 Bg7 3. h4 h5 4. c4 Nc6 5. d5 Nd4 6. Ne2 c5 7. Nbc3 d6 8. Be3 Nxe2
9. Bxe2 Nf6 10. Qd2 O-O 11. f3 Bd7 12. O-O-O a6 13. g4 hxg4 14. h5 Nxh5 15. Bh6
Be5 16. Rxh5 gxf3 17. Bxf3 1-0

[Event "Challenge"]
[Site "http://www.queenalice.com/game.php?id=150666"]
[Date "2007.1.6"]
[Round "-"]
[White "Eyechess"]
[Black "PRi"]
[Result "1-0"]
[WhiteElo "1466"]
[BlackElo "1870"]

1. e4 d5 2. exd5 Nf6 3. Bb5+ c6 4. dxc6 Nxc6 5. d4 Qb6 6. Nc3 Bg4 7. Qd3 O-O-O
8. Bxc6 bxc6 9. Be3 Qxb2 10. Rb1 Qa3 11. Qc4 Qd6 12. Qa6+ Kd7 13. f3 Bf5 14.
Nge2 e5 15. dxe5 Qxe5 16. Bf4 Qc5 17. Na4 Qxc2 18. Rc1 Bb4+ 19. Kf2 Qxa2 20.
Nb6+ 1-0

[Event "Challenge"]
[Site "http://www.queenalice.com/game.php?id=158372"]
[Date "2007.1.24"]
[Round "-"]
[White "PRi"]
[Black "Blackangel"]
[Result "1-0"]
[WhiteElo "1959"]
[BlackElo "1966"]

1. e4 e5 2. Nc3 Bb4 3. Qh5 Bxc3 4. dxc3 d6 5. Bc4 g6 6. Qf3 f5 7. h4 Nf6 8. Bg5
h6 9. Bxf6 Qxf6 10. O-O-O f4 11. g4 h5 12. g5 Qe7 13. Qd3 Nd7 14. b4 a6 15. Ne2
Nb6 16. Bb3 Be6 17. c4 O-O-O 18. Nc3 f3 19. a4 Rhf8 20. a5 Nd7 21. Nd5 Qf7 22.
Kb2 Nb8 23. b5 Bxd5 24. cxd5 axb5 25. Qxb5 Qf4 26. Qc4 Na6 27. c3 Nc5 28. Bc2
Qg4 29. Rdg1 Qd7 30. Ra1 Kb8 31. a6 Nxa6 32. Rhb1 Nc5 33. Kc1 Qc8 34. Qa2 c6 35.
Qa5 Rde8 36. Rb6 Nd7 37. Rxc6 Qxc6 38. dxc6 bxc6 39. Qa8+ Kc7 40. Ra7+ Kb6 41.
Qb7+ Kc5 42. Qb4# 1-0

[Event "AUTO-OPEN-324"]
[Site "http://www.queenalice.com/game.php?id=167942"]
[Date "2007.2.13"]
[Round "3"]
[White "PRi"]
[Black "dnptrs"]
[Result "1-0"]
[WhiteElo "1900"]
[BlackElo "1984"]

1. e4 c5 2. Nf3 e6 3. d4 cxd4 4. Nxd4 Nc6 5. c4 Qc7 6. Nc3 Nf6 7. Nxc6 bxc6 8.
Bd3 Bd6 9. Bg5 Bxh2 10. Bxf6 gxf6 11. g3 Bxg3 12. fxg3 Rg8 13. Ne2 Qe5 14. Qd2
Rb8 15. O-O-O a5 16. Rxh7 a4 17. a3 Ba6 18. Rdh1 Ke7 19. R1h5 Qc7 20. Qa5 Qb7
21. Qc3 d5 22. exd5 cxd5 23. R5h6 e5 24. Nf4 exf4 25. Rxf7+ Kxf7 26. Qxf6+ Ke8
27. Bg6+ Rxg6 28. Rh8+ Kd7 29. Rh7+ 1-0

[Event "AUTO-OPEN-324"]
[Site "http://www.queenalice.com/game.php?id=167943"]
[Date "2007.2.13"]
[Round "3"]
[White "dnptrs"]
[Black "PRi"]
[Result "1/2-1/2"]
[WhiteElo "1945"]
[BlackElo "1921"]

1. d4 Nf6 2. Nf3 e6 3. e3 c5 4. Be2 b6 5. O-O Bb7 6. c4 Be7 7. Nc3 O-O 8. d5 d6
9. e4 exd5 10. exd5 Nbd7 11. Bf4 Re8 12. Qc2 Nf8 13. Rae1 Ng6 14. Bg5 Ng4 15.
Bc1 a6 16. h3 Nf6 17. Bg5 Nh5 18. Bxe7 Qxe7 19. Bd3 Qf6 20. Ne4 Qd8 21. g3 Nf6
22. Nfd2 Nxe4 23. Bxe4 Qf6 24. Bg2 b5 25. b3 b4 26. Ne4 Qd8 27. f4 f6 28. g4 Bc8
29. Ng3 Ra7 30. Be4 Rae7 31. Qb1 a5 32. Bxg6 Rxe1 33. Bxh7+ Kh8 34. Rxe1 Rxe1+
35. Qxe1 Kxh7 36. Nf5 Bxf5 37. gxf5 a4 38. Qe6 axb3 39. axb3 Qa5 40. Qe3 1/2-1/2

[Event "AUTO-OPEN-348"]
[Site "http://www.queenalice.com/game.php?id=174450"]
[Date "2007.2.26"]
[Round "2"]
[White "Hortelino"]
[Black "PRi"]
[Result "0-1"]
[WhiteElo "1832"]
[BlackElo "1936"]

1. d4 Nf6 2. c4 e6 3. Nc3 Bb4 4. Qc2 O-O 5. a3 Bxc3+ 6. Qxc3 d5 7. Bg5 h6 8. Bh4
Nbd7 9. e3 c6 10. Qc2 Re8 11. cxd5 cxd5 12. Nf3 g5 13. Bg3 Ne4 14. Bc7 Qe7 15.
Bd3 Ndf6 16. Ne5 Bd7 17. f3 Rac8 18. fxe4 dxe4 19. Bxe4 Nxe4 20. Qxe4 Rxc7 21.
O-O f5 22. Qf3 Bb5 23. Rfc1 Rec8 24. Rxc7 Qxc7 25. a4 Ba6 26. g4 b6 27. gxf5 Bb7
28. Qh5 Qg7 29. fxe6 Rc2 30. Qe8+ Kh7 31. Qf7 Rg2+ 32. Kf1 Qxf7+ 33. exf7 Kg7
34. Rc1 Rxh2 35. Rc7 Bd5 36. Rd7 Rh1+ 37. Ke2 Rh2+ 38. Kd3 Be6 39. Re7 Bd5 40.
e4 Rh3+ 41. Kd2 Rh2+ 42. Ke3 Rh3+ 43. Kf2 Bxf7 44. Rxf7+ Kg8 45. d5 Rh2+ 46. Ke3
Rxb2 47. d6 Rb3+ 48. Kd4 Rb4+ 49. Kd5 Rxa4 0-1

[Event "AUTO-OPEN-348"]
[Site "http://www.queenalice.com/game.php?id=174451"]
[Date "2007.2.26"]
[Round "2"]
[White "PRi"]
[Black "Hortelino"]
[Result "1-0"]
[WhiteElo "1948"]
[BlackElo "1820"]

1. e4 c5 2. Nf3 Nc6 3. d4 cxd4 4. Nxd4 g6 5. c4 Bg7 6. Be3 Nf6 7. Nc3 O-O 8. Be2
d6 9. O-O Bd7 10. Rc1 Nxd4 11. Bxd4 Bc6 12. f3 a5 13. Nd5 Nd7 14. Bxg7 Kxg7 15.
Qd4+ e5 16. Qd2 Bxd5 17. cxd5 Qb6+ 18. Kh1 Nc5 19. Rc4 Rac8 20. Rfc1 Qa7 21.
R4c2 f6 22. Bb5 Rf7 23. b4 axb4 24. Qxb4 f5 25. exf5 Rxf5 26. a4 Rf4 27. Rc4 Nd3
28. Rc7+ Kh6 29. Qd2 Nf2+ 30. Qxf2 Qxf2 31. Rxc8 e4 32. R8c2 Qd4 33. fxe4 Rxe4
34. Bc4 Qe5 35. Rf1 Re1 36. Rc1 Rxf1+ 37. Rxf1 Qd4 38. Bb5 Qxd5 39. h3 Qe6 40.
Rf3 d5 41. Rd3 Kg5 42. Rf3 h5 43. Kg1 Qe1+ 44. Kh2 Kh6 45. Rf7 b6 46. Rd7 Qe5+
47. Kg1 g5 48. Kf2 1-0

[Event "AUTO-OPEN-348"]
[Site "http://www.queenalice.com/game.php?id=221471"]
[Date "2007.6.6"]
[Round "3"]
[White "PRi"]
[Black "declodi"]
[Result "0-1"]
[WhiteElo "1975"]
[BlackElo "2192"]

1. e4 c5 2. Nf3 e6 3. d4 cxd4 4. Nxd4 a6 5. Be2 Nf6 6. Nc3 Qc7 7. O-O Nc6 8. Kh1
Be7 9. Be3 d6 10. f4 O-O 11. Nxc6 bxc6 12. Qe1 Bb7 13. Bf3 d5 14. Rd1 Rfd8 15.
Qf2 Nd7 0-1

[Event "AUTO-OPEN-348"]
[Site "http://www.queenalice.com/game.php?id=221472"]
[Date "2007.6.6"]
[Round "3"]
[White "declodi"]
[Black "PRi"]
[Result "1-0"]
[WhiteElo "2190"]
[BlackElo "1968"]

1. e4 d5 2. exd5 Nf6 3. d4 Bg4 4. f3 Bf5 5. Bb5+ c6 6. dxc6 Nxc6 7. c4 Qb6 8.
Ne2 O-O-O 9. Bxc6 bxc6 10. Nbc3 e5 11. Na4 Bb4+ 12. Kf2 Qc7 13. Qb3 exd4 14.
Qxb4 Rhe8 15. Ng3 Bc2 16. Nc5 a5 17. Qa3 d3 18. Bd2 Qe5 19. Qxa5 Qd4+ 20. Kf1
Re2 21. Qa8+ Kc7 22. Qb7+ Kd6 23. Nf5+ 1-0